| 000 | 00809nam a22002537a 4500 | ||
|---|---|---|---|
| 005 | 20180210111213.0 | ||
| 008 | 131126b xxu||||| |||| 00| 0 pun d | ||
| 010 | _aPUN- B-669922 | ||
| 020 |
_c395.00 _a9789351132073 |
||
| 035 | _aPN- | ||
| 035 | _aB-669922 | ||
| 037 | _bDBAD / PUB | ||
| 037 | _bLokgeet prakashan | ||
| 040 |
_adpl _bpn |
||
| 082 | _a921 | ||
| 245 |
_aਮੰਟੋ ਕੌਣ ਸੀ / _cਪ੍ਰੇਮ ਪ੍ਰਕਾਸ਼ |
||
| 246 |
_aManto kaun si _bby Prem prakash |
||
| 260 |
_aChandigarh _bUnistar Books _c2013 |
||
| 270 |
_bChandigarh _asco.26-27,sector-34 A, _k0172-5077427 _e160022 |
||
| 300 | 4 |
_a271p. _c22ਸੇਂਮੀ (ਸਜਿਲੱਦ) |
|
| 942 |
_2ddc _cPN _h921 _mਮੰਟੋਕੋ |
||
| 999 |
_c88609 _d88609 |
||